[Event "BL 1920 (Women)"]
[Site "Germany"]
[Date "2021.09.04"]
[Round "10.6"]
[White "Straub, Natalia"]
[Black "Babiy, Olga"]
[Result "0-1"]
[WhiteElo "2129"]
[BlackElo "2254"]
[PlyCount "62"]
[EventDate "2019.09.14"]
[EventType "team-tourn"]
[EventRounds "11"]
[EventCountry "GER"]
[SourceTitle "EXT 2022"]
[Source "ChessBase"]
[SourceDate "2021.10.06"]
[SourceVersion "1"]
[SourceVersionDate "2021.10.06"]
[SourceQuality "1"]
[WhiteTeam "Deizisau (W)"]
[BlackTeam "Bad Koenigshofen (W)"]
[WhiteTeamCountry "GER"]
[BlackTeamCountry "GER"]

1. d4 Nf6 2. c4 c5 3. d5 g6 4. Nc3 Bg7 5. Nf3 0-0 6. g3 d6 7. Bg2 e6 8. 0-0 exd5 9. cxd5 Re8 10. Nd2 a6 11. a4 Nbd7 12. Qb3 Rb8 13. a5 b5 14. axb6 Nxb6 15. Qc2 Qc7 16. e4 Nfd7 17. Na4 Ne5 18. Nxb6 Rxb6 19. f4 Ng4 20. Nc4 Rb4 21. h3 Bd4+ 22. Kh1 Nf2+ 23. Kh2 Nxe4 24. Bxe4 Rxc4 25. Qxc4 Rxe4 26. Qd3 Qe7 27. g4 Bb7 28. Kg3 h5 29. gxh5 gxh5 30. h4 Bxd5 31. Rxa6 Qf6 0-1

[Event "GER-ch (Women)"]
[Site "Bad Wiessee"]
[Date "2017.04.06"]
[Round "7"]
[White "Straub, Natalia"]
[Black "Schneider, Jana"]
[Result "0-1"]
[WhiteElo "2188"]
[BlackElo "2208"]
[PlyCount "58"]
[EventDate "2017.03.31"]
[EventType "swiss"]
[EventRounds "9"]
[EventCountry "GER"]
[SourceTitle "CBM 177 Extra"]
[Source "ChessBase"]
[SourceDate "2017.04.27"]
[SourceVersion "1"]
[SourceVersionDate "2017.04.27"]
[SourceQuality "1"]

1. Nf3 d5 2. c4 d4 3. d3 Nc6 4. g3 e5 5. Bg2 f5 6. 0-0 Nf6 7. e3 dxe3 8. Bxe3 Be7 9. d4 e4 10. Ne1 0-0 11. h3 Be6 12. b3 Qd7 13. Nc2 f4 14. Bxf4 Bxh3 15. Nc3 Rae8 16. d5 Nd8 17. b4 Bd6 18. Ne2 Nf7 19. Bxd6 cxd6 20. Bxh3 Qxh3 21. Nf4 Qc8 22. Ne6 Rxe6 23. dxe6 Qxe6 24. Kg2 Ng5 25. g4 Nh5 26. Rh1 Nf4+ 27. Kg1 Nfh3+ 28. Kg2 Rxf2+ 29. Kg3 Qe5+ 0-1

[Event "GER-ch (Women)"]
[Site "Bad Wiessee"]
[Date "2017.04.03"]
[Round "4"]
[White "Kluge, Heidemarie"]
[Black "Straub, Natalia"]
[Result "1/2-1/2"]
[WhiteElo "1940"]
[BlackElo "2188"]
[PlyCount "204"]
[EventDate "2017.03.31"]
[EventType "swiss"]
[EventRounds "9"]
[EventCountry "GER"]
[SourceTitle "CBM 177 Extra"]
[Source "ChessBase"]
[SourceDate "2017.04.27"]
[SourceVersion "1"]
[SourceVersionDate "2017.04.27"]
[SourceQuality "1"]

1. d4 Nf6 2. Bg5 g6 3. e3 Bg7 4. Bd3 d6 5. Nd2 Nbd7 6. Ne2 0-0 7. Rc1 e5 8. c3 Qe8 9. e4 h6 10. Bh4 d5 11. Bxf6 Nxf6 12. dxe5 Nxe4 13. Nxe4 dxe4 14. Bxe4 Qxe5 15. Qd5 Re8 16. Qxe5 Rxe5 17. f3 Be6 18. b3 c6 19. Kf2 f5 20. Bd3 Bf7 21. Rhe1 a5 22. Nd4 a4 23. Rxe5 Bxe5 24. Bc4 axb3 25. Bxf7+ Kxf7 26. axb3 Ra2+ 27. Ne2 Bxh2 28. Ke3 Be5 29. f4 Bf6 30. Rd1 Ke7 31. Rd2 Ra3 32. Rb2 b5 33. Kd3 c5 34. Nc1 c4+ 35. Kc2 cxb3+ 36. Rxb3 Rxb3 37. Kxb3 Kd6 38. c4 Kc6 39. Nd3 bxc4+ 40. Kxc4 Kd6 41. Nc5 Bh4 42. Nd3 Bf6 43. Nc5 Bb2 44. Nd3 Ba1 45. Nc5 g5 46. fxg5 hxg5 47. Nd3 Ke6 48. Nc1 Ke5 49. Kd3 f4 50. Nb3 Bb2 51. Nd2 Kf5 52. Ke2 Bc3 53. Nc4 g4 54. Nd6+ Ke5 55. Nf7+ Kf6 56. Nd6 Bb4 57. Ne4+ Kf5 58. Nf2 Bc5 59. Nd3 Bb6 60. Nb2 Bc5 61. Nd3 Bd4 62. Nb4 Ke4 63. Nc2 Bc3 64. Na3 Kd5 65. Kd3 Bd4 66. Nc2 Bc5 67. Ke2 Ke4 68. Ne1 Bb4 69. Nc2 Bc3 70. Na3 Bb2 71. Nc4 Bc3 72. Nd6+ Ke5 73. Nb5 Bb4 74. Nc7 Kd6 75. Nb5+ Ke5 76. Nc7 Bc5 77. Nb5 Bd4 78. Na3 Kd5 79. Nb1 Ke5 80. Nd2 Bc3 81. Nf1 Kf5 82. Nh2 Kg5 83. Nf1 Bb4 84. Nh2 Kh4 85. Nf1 Ba5 86. Kd3 g3 87. Ke4 Kg4 88. Ke5 Bb4 89. Ke4 Bc3 90. Kd3 Ba5 91. Ke4 Bc3 92. Kd3 Ba5 93. Ke4 Be1 94. Ke5 Kg5 95. Ke4 Kg4 96. Ke5 Ba5 97. Ke4 Bc3 98. Kd3 Kh4 99. Kxc3 f3 100. Nxg3 fxg2 101. Ne2 Kg4 102. Kd2 Kf3 1/2-1/2

[Event "GER-ch (Women)"]
[Site "Bad Wiessee"]
[Date "2017.04.02"]
[Round "3"]
[White "Straub, Natalia"]
[Black "Schleining, Zoya"]
[Result "0-1"]
[WhiteElo "2188"]
[BlackElo "2346"]
[PlyCount "48"]
[EventDate "2017.03.31"]
[EventType "swiss"]
[EventRounds "9"]
[EventCountry "GER"]
[SourceTitle "CBM 177 Extra"]
[Source "ChessBase"]
[SourceDate "2017.04.27"]
[SourceVersion "1"]
[SourceVersionDate "2017.04.27"]
[SourceQuality "1"]

1. d4 Nf6 2. c4 e6 3. g3 d5 4. Nf3 dxc4 5. Qa4+ Nbd7 6. Bg2 a6 7. Qxc4 b5 8. Qd3 Bb7 9. 0-0 c5 10. dxc5 Bxc5 11. Be3 0-0 12. Nbd2 Qb6 13. Bxc5 Nxc5 14. Qe3 Nd5 15. Qd4 Na4 16. Qxb6 Ndxb6 17. b3 Nc3 18. e3 Rfd8 19. Nb1 Ne2+ 20. Kh1 Rac8 21. Nfd2 Bd5 22. Bxd5 Nxd5 23. Re1 Nb4 24. Rxe2 Nc2 0-1

[Event "GER-ch (Women)"]
[Site "Bad Wiessee"]
[Date "2017.03.31"]
[Round "1"]
[White "Zimmer, Elke"]
[Black "Straub, Natalia"]
[Result "0-1"]
[WhiteElo "1938"]
[BlackElo "2188"]
[PlyCount "72"]
[EventDate "2017.03.31"]
[EventType "swiss"]
[EventRounds "9"]
[EventCountry "GER"]
[SourceTitle "CBM 177 Extra"]
[Source "ChessBase"]
[SourceDate "2017.04.27"]
[SourceVersion "1"]
[SourceVersionDate "2017.04.27"]
[SourceQuality "1"]

1. e4 g6 2. Nc3 Bg7 3. g3 c5 4. Bg2 Nc6 5. d3 d6 6. Be3 e6 7. Qd2 Rb8 8. a4 a6 9. Nge2 Nd4 10. 0-0 Ne7 11. f4 0-0 12. Nd1 b5 13. axb5 axb5 14. Nxd4 cxd4 15. Bf2 e5 16. c3 Nc6 17. h3 b4 18. f5 Na5 19. Qc2 bxc3 20. bxc3 gxf5 21. exf5 Bxf5 22. cxd4 exd4 23. Be1 Nb3 24. Ra3 Be6 25. Nf2 Nc5 26. Bd2 Qb6 27. Bf4 Be5 28. Bh6 Rfe8 29. Qd2 Qd8 30. g4 Rb3 31. Ra7 Qh4 32. Bg5 Qg3 33. Rd1 Bd5 34. Ne4 Nxe4 35. dxe4 Qh2+ 36. Kf1 Bc4+ 0-1

[Event "German Masters (Women) 2nd"]
[Site "Dresden"]
[Date "2016.08.06"]
[Round "8"]
[White "Straub, Natalia"]
[Black "Heinemann, Josefine"]
[Result "1-0"]
[WhiteElo "2168"]
[BlackElo "2216"]
[PlyCount "97"]
[EventDate "2016.07.30"]
[EventType "tourn"]
[EventRounds "9"]
[EventCountry "GER"]
[EventCategory "3"]
[SourceTitle "CBM 173 Extra"]
[Source "ChessBase"]
[SourceDate "2016.08.29"]
[SourceVersion "1"]
[SourceVersionDate "2016.08.29"]
[SourceQuality "1"]

1. d4 Nf6 2. g3 g6 3. Bg2 d5 4. Nf3 Bg7 5. 0-0 0-0 6. Nbd2 Bf5 7. Nh4 Bc8 8. Nhf3 c6 9. c4 Bf5 10. b3 Ne4 11. Bb2 Qa5 12. a3 Nd7 13. b4 Qd8 14. c5 Qc7 15. Nh4 Nxd2 16. Qxd2 Be6 17. f4 Nf6 18. Qd3 Rad8 19. f5 Bc8 20. e3 Nd7 21. Bh3 Nf6 22. Bg2 e6 23. fxg6 fxg6 24. Nf3 Ng4 25. e4 e5 26. exd5 Bf5 27. Qb3 cxd5 28. Nxe5 Nxe5 29. dxe5 Bxe5 30. Bxd5+ Kg7 31. Rad1 Bg4 32. Bxe5+ Qxe5 33. Bf3 Be6 34. Qc2 Qe3+ 35. Qf2 Qg5 36. Rxd8 Qxd8 37. Qb2+ Kg8 38. Bg2 Rxf1+ 39. Bxf1 Qd1 40. Kf2 Bd5 41. Qe2 Qd4+ 42. Qe3 Qf6+ 43. Kg1 Bc6 44. b5 Bd7 45. Qf4 Qxf4 46. gxf4 b6 47. c6 Bf5 48. Kf2 Kf7 49. Kg3 1-0

[Event "German Masters (Women) 2nd"]
[Site "Dresden"]
[Date "2016.07.30"]
[Round "1"]
[White "Straub, Natalia"]
[Black "Paehtz, Elisabeth"]
[Result "1/2-1/2"]
[WhiteElo "2168"]
[BlackElo "2498"]
[PlyCount "107"]
[EventDate "2016.07.30"]
[EventType "tourn"]
[EventRounds "9"]
[EventCountry "GER"]
[EventCategory "3"]
[SourceTitle "CBM 173 Extra"]
[Source "ChessBase"]
[SourceDate "2016.08.29"]
[SourceVersion "1"]
[SourceVersionDate "2016.08.29"]
[SourceQuality "1"]

1. d4 Nf6 2. c4 g6 3. g3 Bg7 4. Bg2 0-0 5. Nc3 d6 6. Nf3 Nc6 7. 0-0 a6 8. h3 Rb8 9. e4 b5 10. cxb5 axb5 11. Re1 b4 12. Nb1 Nd7 13. Be3 e5 14. d5 Ne7 15. Nbd2 h6 16. Nb3 f5 17. Nfd2 Nf6 18. f3 f4 19. gxf4 exf4 20. Bf2 Bd7 21. Qc2 g5 22. Rec1 Ne8 23. Nd4 Ng6 24. Nc4 Ne5 25. Nxe5 Bxe5 26. a4 bxa3 27. bxa3 Qf6 28. Qd2 h5 29. Rab1 Ra8 30. Rb3 Ra4 31. Nc6 Bxc6 32. Rxc6 Qd8 33. Qd3 Nf6 34. Qb5 Qa8 35. Rxc7 Rxa3 36. Rxa3 Qxa3 37. Ra7 Qc1+ 38. Bf1 Qc8 39. Qc6 Qe8 40. Qxe8 Rxe8 41. Ba6 g4 42. hxg4 hxg4 43. fxg4 Nxe4 44. Rc7 Nf6 45. g5 Ne4 46. g6 Ng5 47. Rc8 Rxc8 48. Bxc8 Ne4 49. Bf5 Nc3 50. Be1 Nb5 51. Kg2 Kg7 52. Kf3 Nd4+ 53. Kg4 Nxf5 54. Kxf5 1/2-1/2

[Event "BL 1516 (Women)"]
[Site "Germany"]
[Date "2016.02.28"]
[Round "9.6"]
[White "Frey, Alisa"]
[Black "Straub, Natalia"]
[Result "1/2-1/2"]
[WhiteElo "2099"]
[BlackElo "2221"]
[PlyCount "88"]
[EventDate "2015.09.26"]
[EventType "team-tourn"]
[EventRounds "11"]
[EventCountry "GER"]
[SourceTitle "EXT 2018"]
[Source "ChessBase"]
[SourceDate "2017.10.13"]
[SourceVersion "1"]
[SourceVersionDate "2017.10.13"]
[SourceQuality "1"]
[WhiteTeam "Friedberg (W)"]
[BlackTeam "Deizisau (W)"]
[WhiteTeamCountry "GER"]
[BlackTeamCountry "GER"]

1. e4 e6 2. d4 d5 3. Nc3 Nf6 4. Bg5 Be7 5. e5 Nfd7 6. Bxe7 Qxe7 7. f4 a6 8. Nf3 c5 9. Qd2 Nc6 10. dxc5 Nxc5 11. 0-0-0 b5 12. Bd3 b4 13. Ne2 0-0 14. Ned4 Nxd4 15. Nxd4 a5 16. Qe3 Ba6 17. Kb1 Qc7 18. Nb3 Nxb3 19. cxb3 Bxd3+ 20. Qxd3 Rfc8 21. Rc1 Qd7 22. Rxc8+ Rxc8 23. Rc1 Rxc1+ 24. Kxc1 Qa7 25. Qg3 Qc5+ 26. Kd2 Qd4+ 27. Kc1 Qc5+ 28. Kd2 Qd4+ 29. Kc1 h6 30. h4 Qg1+ 31. Kc2 Qc5+ 32. Kd2 Qd4+ 33. Kc1 Qg1+ 34. Kc2 Qc5+ 35. Kd2 Qd4+ 36. Kc1 Kh7 37. h5 Kg8 38. Qf3 Qg1+ 39. Kc2 Qc5+ 40. Kd2 Qd4+ 41. Kc1 Qg1+ 42. Kc2 Qc5+ 43. Kd2 Qd4+ 44. Kc1 Qg1+ 1/2-1/2

[Event "BL 1516 (Women)"]
[Site "Germany"]
[Date "2015.09.26"]
[Round "1.4"]
[White "Movsesian, Julia"]
[Black "Straub, Natalia"]
[Result "1-0"]
[WhiteElo "2313"]
[BlackElo "2221"]
[PlyCount "133"]
[EventDate "2015.09.26"]
[EventType "team-tourn"]
[EventRounds "11"]
[EventCountry "GER"]
[SourceTitle "CBM 168 Extra"]
[Source "ChessBase"]
[SourceDate "2015.10.29"]
[SourceVersion "1"]
[SourceVersionDate "2015.10.29"]
[SourceQuality "1"]
[WhiteTeam "Rodewisch (W)"]
[BlackTeam "Deizisau (W)"]
[WhiteTeamCountry "GER"]
[BlackTeamCountry "GER"]

1. e4 e6 2. d4 d5 3. Nd2 c5 4. exd5 Qxd5 5. dxc5 Qxc5 6. Ngf3 Nf6 7. Bd3 Be7 8. 0-0 0-0 9. Qe2 Nbd7 10. c4 b6 11. Ne4 Qc7 12. b3 Bb7 13. Bb2 Nxe4 14. Bxe4 Bxe4 15. Qxe4 Bf6 16. Bxf6 Nxf6 17. Qe5 Qxe5 18. Nxe5 Rfd8 19. Rfd1 Kf8 20. f3 Ke8 21. Kf2 Nd7 22. Nc6 Rdc8 23. Rd6 Rc7 24. Rad1 Rac8 25. Nd4 a6 26. Rd2 g6 27. g4 h6 28. Kg3 Rb7 29. h4 Nc5 30. Nc6 Rd7 31. Ne5 Rxd6 32. Rxd6 b5 33. cxb5 axb5 34. Rb6 Nd7 35. Nxd7 Kxd7 36. Rxb5 Kc6 37. Rb4 Ra8 38. a4 g5 39. f4 f6 40. hxg5 hxg5 41. fxg5 fxg5 42. Kf3 Rf8+ 43. Ke3 e5 44. Rb5 Rf4 45. Rxe5 Rxg4 46. Rb5 Rg1 47. Kd3 g4 48. Rg5 g3 49. Kc4 g2 50. Kb4 Kb6 51. Rg7 Kc6 52. a5 Kd6 53. a6 Kc6 54. a7 Ra1 55. Rxg2 Rxa7 56. Rg6+ Kd5 57. Kb5 Rb7+ 58. Rb6 Rh7 59. b4 Rh1 60. Rb8 Kd6 61. Kb6 Kd7 62. b5 Rb1 63. Ka7 Ra1+ 64. Kb7 Rb1 65. b6 Rb2 66. Ra8 Rb1 67. Ra2 1-0

[Event "GER-ch (Women)"]
[Site "Bad Wiessee"]
[Date "2015.02.13"]
[Round "9"]
[White "Straub, Natalia"]
[Black "Koepke, Elena"]
[Result "1/2-1/2"]
[WhiteElo "2190"]
[BlackElo "2314"]
[PlyCount "104"]
[EventDate "2015.02.06"]
[EventType "swiss"]
[EventRounds "9"]
[EventCountry "GER"]
[SourceTitle "CBM 164 Extra"]
[Source "ChessBase"]
[SourceDate "2015.03.02"]
[SourceVersion "1"]
[SourceVersionDate "2015.03.02"]
[SourceQuality "1"]

1. d4 Nf6 2. c4 e6 3. g3 d5 4. Bg2 Bb4+ 5. Bd2 Be7 6. Nf3 c6 7. Qb3 b6 8. Nc3 0-0 9. 0-0 Nbd7 10. Rac1 Bb7 11. cxd5 cxd5 12. Rc2 a6 13. a4 Rc8 14. Rfc1 Rc4 15. e3 Qa8 16. Qa2 Rcc8 17. b3 Bd6 18. Qb1 h6 19. Na2 a5 20. Nc3 Ba3 21. Rd1 Ba6 22. Bf1 Bxf1 23. Rxf1 Ne4 24. Nb5 Rxc2 25. Qxc2 Rc8 26. Qa2 Bf8 27. Rc1 Rxc1+ 28. Bxc1 Qc6 29. Qb2 g5 30. Nd2 Ndf6 31. Nxe4 Nxe4 32. f3 Nf6 33. g4 Nd7 34. Qc3 Qxc3 35. Nxc3 Kg7 36. Kf2 Nb8 37. Nb5 Nc6 38. Ba3 Bxa3 39. Nxa3 Kf6 40. Ke2 Ke7 41. Nb5 Nb4 42. Kd2 f6 43. h3 e5 44. Nc7 Kd7 45. Nb5 Na6 46. Kc3 Ke6 47. Na7 Kd7 48. Nb5 Nb4 49. Na7 Nc6 50. Nxc6 Kxc6 51. b4 exd4+ 52. exd4 Kd6 1/2-1/2

[Event "GER-ch (Women)"]
[Site "Bad Wiessee"]
[Date "2015.02.11"]
[Round "6"]
[White "Straub, Natalia"]
[Black "Schleining, Zoya"]
[Result "0-1"]
[WhiteElo "2190"]
[BlackElo "2361"]
[PlyCount "29"]
[EventDate "2015.02.06"]
[EventType "swiss"]
[EventRounds "9"]
[EventCountry "GER"]
[SourceTitle "CBM 164 Extra"]
[Source "ChessBase"]
[SourceDate "2015.03.02"]
[SourceVersion "1"]
[SourceVersionDate "2015.03.02"]
[SourceQuality "1"]

1. d4 d5 2. c4 dxc4 3. Nf3 a6 4. a4 Nc6 5. e4 Bg4 6. Be3 Bxf3 7. gxf3 e5 8. d5 Bb4+ 9. Bd2 Bxd2+ 10. Nxd2 Nd4 11. Nxc4 Qf6 12. Ra3 Ne7 13. Rg1 Ng6 14. Rg3 0-0 15. Rd3 0-1

[Event "GER-ch (Women)"]
[Site "Bad Wiessee"]
[Date "2015.02.09"]
[Round "4"]
[White "Zahn, Alina"]
[Black "Straub, Natalia"]
[Result "0-1"]
[WhiteElo "2090"]
[BlackElo "2190"]
[PlyCount "56"]
[EventDate "2015.02.06"]
[EventType "swiss"]
[EventRounds "9"]
[EventCountry "GER"]
[SourceTitle "CBM 164 Extra"]
[Source "ChessBase"]
[SourceDate "2015.03.02"]
[SourceVersion "1"]
[SourceVersionDate "2015.03.02"]
[SourceQuality "1"]

1. e4 g6 2. d4 Bg7 3. Nc3 c6 4. f4 d5 5. e5 Nh6 6. Be3 Qb6 7. Na4 Qa5+ 8. Nc3 f6 9. h3 Nf5 10. Bf2 fxe5 11. fxe5 c5 12. dxc5 Bxe5 13. Bb5+ Bd7 14. Bxd7+ Nxd7 15. Nge2 d4 16. Nxd4 Ng3 17. Rg1 Ne4 18. Nde2 Nxf2 19. Kxf2 Qxc5+ 20. Ke1 0-0-0 21. Qd3 Nb6 22. Qf3 Kb8 23. Rd1 Rdf8 24. Qe4 Qf2+ 25. Kd2 Bf4+ 26. Kd3 Rd8+ 27. Nd4 e5 28. Nce2 Na4 0-1

[Event "BL 1415 (Women)"]
[Site "Germany"]
[Date "2015.01.25"]
[Round "7.4"]
[White "Straub, Natalia"]
[Black "Schulze, Dorothee"]
[Result "1-0"]
[WhiteElo "2190"]
[BlackElo "1990"]
[PlyCount "63"]
[EventDate "2014.09.27"]
[EventType "team-tourn"]
[EventRounds "11"]
[EventCountry "GER"]
[SourceTitle "CBM 166 Extra"]
[Source "ChessBase"]
[SourceDate "2015.06.18"]
[SourceVersion "1"]
[SourceVersionDate "2015.06.18"]
[SourceQuality "1"]
[WhiteTeam "Halle USV (W)"]
[BlackTeam "Lehrte (W)"]
[WhiteTeamCountry "GER"]
[BlackTeamCountry "GER"]

1. d4 d5 2. Nf3 Nf6 3. g3 e6 4. c4 Bb4+ 5. Bd2 Bxd2+ 6. Nbxd2 0-0 7. Bg2 b6 8. 0-0 Nbd7 9. Rc1 c5 10. cxd5 exd5 11. dxc5 Nxc5 12. Nd4 Qd7 13. N2f3 Qa4 14. Qxa4 Nxa4 15. b3 Nc5 16. Rfd1 Ba6 17. b4 Nce4 18. b5 Bb7 19. Rc7 Nc5 20. Nf5 Ne8 21. Re7 Rd8 22. Ne5 Nf6 23. Nc6 Bxc6 24. bxc6 a6 25. c7 Ra8 26. Bxd5 Nxd5 27. Rxd5 Ne6 28. Nd6 g6 29. e4 Kg7 30. e5 a5 31. h4 h5 32. Rd3 1-0

[Event "BL 1415 (Women)"]
[Site "Germany"]
[Date "2014.11.29"]
[Round "3.4"]
[White "Straub, Natalia"]
[Black "Papp, Petra"]
[Result "1/2-1/2"]
[WhiteElo "2190"]
[BlackElo "2257"]
[PlyCount "88"]
[EventDate "2014.09.27"]
[EventType "team-tourn"]
[EventRounds "11"]
[EventCountry "GER"]
[SourceTitle "CBM 166 Extra"]
[Source "ChessBase"]
[SourceDate "2015.06.18"]
[SourceVersion "1"]
[SourceVersionDate "2015.06.18"]
[SourceQuality "1"]
[WhiteTeam "Halle USV (W)"]
[BlackTeam "Schwaebisch Hall (W)"]
[WhiteTeamCountry "GER"]
[BlackTeamCountry "GER"]

1. d4 Nf6 2. c4 g6 3. g3 Bg7 4. Bg2 d5 5. cxd5 Nxd5 6. e4 Nb6 7. Ne2 c5 8. d5 0-0 9. 0-0 e6 10. Nec3 Na6 11. a4 Nb4 12. Be3 Bd4 13. Bxd4 cxd4 14. Nb5 exd5 15. exd5 d3 16. N1c3 a6 17. Na3 a5 18. Nab5 Bf5 19. d6 Qd7 20. Ne4 Bxe4 21. Bxe4 Nc4 22. b3 Nxd6 23. Bxd3 Nxb5 24. Bxb5 Qf5 25. Rc1 h5 26. h4 Rad8 27. Qe2 Qf6 28. Rc7 b6 29. Rfc1 Rd4 30. Qe7 Qf5 31. Bc4 Nd5 32. Bxd5 Qxd5 33. R7c3 Rd8 34. Qe3 Kg7 35. Qf3 Qxf3 36. Rxf3 Rd3 37. Rxd3 Rxd3 38. Rb1 Kf6 39. Kf1 Rd4 40. Ke2 g5 41. hxg5+ Kxg5 42. Rc1 f5 43. Rc3 h4 44. Kf3 f4 1/2-1/2

[Event "BL 1314 (Women)"]
[Site "Germany"]
[Date "2013.12.01"]
[Round "4.6"]
[White "Kubikova, Alena"]
[Black "Straub, Natalia"]
[Result "1/2-1/2"]
[WhiteElo "2092"]
[BlackElo "2200"]
[PlyCount "124"]
[EventDate "2013.10.04"]
[EventType "team-tourn"]
[EventRounds "11"]
[EventCountry "GER"]
[SourceTitle "EXT 2018"]
[Source "ChessBase"]
[SourceDate "2017.10.13"]
[SourceVersion "1"]
[SourceVersionDate "2017.10.13"]
[SourceQuality "1"]
[WhiteTeam "Rodewisch (W)"]
[BlackTeam "Halle Volksbank (W)"]
[WhiteTeamCountry "GER"]
[BlackTeamCountry "GER"]

1. e4 e6 2. d4 d5 3. Nd2 a6 4. c3 c5 5. exd5 exd5 6. Ngf3 Nc6 7. dxc5 Bxc5 8. Nb3 Bb6 9. Be2 Nf6 10. 0-0 h6 11. h3 0-0 12. Nfd4 Qd6 13. Be3 Nxd4 14. Bxd4 Bc7 15. f4 Ne4 16. Rf3 Re8 17. Bd3 b5 18. Kh2 Bd7 19. g3 a5 20. Bxe4 dxe4 21. Re3 a4 22. Nc5 Bc6 23. Qg4 g6 24. Qe2 f5 25. Rd1 Red8 26. b3 axb3 27. Nxb3 Qe6 28. Rd2 Qc4 29. Nc5 Qxe2+ 30. Rdxe2 Bd5 31. Rb2 Rxa2 32. Ree2 Rda8 33. Rxa2 Rxa2 34. Rxa2 Bxa2 35. Kg2 Kf7 36. Nd7 g5 37. Ne5+ Ke6 38. Ng6 Bd6 39. h4 gxf4 40. Nxf4+ Kf7 41. Kf2 Bb3 42. Ng2 Kg6 43. Nf4+ Kf7 44. Ng2 h5 45. Nf4 Bd1 46. Ke3 Ke7 47. Kd2 Bg4 48. Kc2 Kd7 49. Be3 Kc6 50. Bf2 Bc5 51. Bxc5 Kxc5 52. Kd2 Bf3 53. Ne6+ Kc4 54. Nd4 Bg4 55. Nc2 Bh3 56. Ne3+ Kb3 57. Nc2 Kc4 58. Ne3+ Kb3 59. Nc2 Bg4 60. Nd4+ Kc4 61. Nc2 Bh3 62. Ne3+ Kb3 1/2-1/2

[Event "BL 1213 (Women)"]
[Site "Germany"]
[Date "2012.12.01"]
[Round "3.5"]
[White "Straub, Natalia"]
[Black "Voiska, Margarita"]
[Result "1/2-1/2"]
[WhiteElo "2210"]
[BlackElo "2298"]
[PlyCount "81"]
[EventDate "2012.10.06"]
[EventType "team-tourn"]
[EventRounds "11"]
[EventCountry "GER"]
[SourceTitle "EXT 2014"]
[Source "ChessBase"]
[SourceDate "2013.11.20"]
[SourceVersion "1"]
[SourceVersionDate "2013.11.20"]
[SourceQuality "1"]
[WhiteTeam "Halle Volksbank (W)"]
[BlackTeam "Muelheim Nord (W)"]
[WhiteTeamCountry "GER"]
[BlackTeamCountry "GER"]

1. d4 Nf6 2. c4 e6 3. g3 d5 4. Nf3 Be7 5. Bg2 0-0 6. 0-0 c6 7. Qc2 b6 8. Rd1 Bb7 9. Nbd2 Na6 10. e4 Rc8 11. b3 Rc7 12. Bb2 Qa8 13. a3 c5 14. cxd5 exd5 15. e5 Ne4 16. Qd3 Rfc8 17. Rac1 Nb8 18. Qe3 Nxd2 19. Qxd2 c4 20. b4 Bc6 21. h4 Bd7 22. Nh2 Qc6 23. Nf1 Be6 24. Ne3 Qd7 25. f4 f5 26. Bc3 b5 27. Qf2 Nc6 28. g4 g6 29. gxf5 gxf5 30. Kh2 Kh8 31. Bf3 Bf8 32. Kh3 Bh6 33. Bh1 Rg8 34. Qf3 Ne7 35. Rg1 Rcc8 36. Kh2 Ng6 37. Ng2 Ne7 38. Ne3 Ng6 39. Ng2 Qd8 40. Be1 Ne7 41. Bg3 1/2-1/2

[Event "BL 1112 (Women)"]
[Site "Germany"]
[Date "2012.02.11"]
[Round "8.6"]
[White "Straub, Natalia"]
[Black "Tran, My Linh"]
[Result "1-0"]
[WhiteElo "2205"]
[BlackElo "2018"]
[PlyCount "119"]
[EventDate "2011.10.29"]
[EventType "team-tourn"]
[EventRounds "11"]
[EventCountry "GER"]
[SourceTitle "EXT 2013"]
[Source "ChessBase"]
[SourceDate "2012.11.22"]
[SourceVersion "1"]
[SourceVersionDate "2012.11.22"]
[SourceQuality "1"]
[WhiteTeam "Halle Volksbank (W)"]
[BlackTeam "Friedberg (W)"]
[WhiteTeamCountry "GER"]
[BlackTeamCountry "GER"]

1. d4 Nf6 2. c4 c5 3. d5 b5 4. cxb5 a6 5. bxa6 g6 6. Nc3 Bxa6 7. Nf3 d6 8. g3 Bg7 9. Bg2 Nbd7 10. Rb1 Nb6 11. b3 Bb7 12. Nh4 0-0 13. 0-0 h6 14. Bb2 Qc8 15. e4 Ba6 16. Re1 Ng4 17. Ne2 Bxb2 18. Rxb2 Ne5 19. Nc1 Rb8 20. Rc2 c4 21. Nf3 Nxf3+ 22. Qxf3 Qd7 23. Qe3 cxb3 24. Nxb3 Kh7 25. Rec1 Rfc8 26. Rxc8 Bxc8 27. Rc6 Qd8 28. h3 Bd7 29. Rc1 Ra8 30. Rc2 Ba4 31. e5 dxe5 32. Qxe5 Rc8 33. Rxc8 Nxc8 34. Nd4 Qb6 35. Nc6 Qb1+ 36. Kh2 Bxc6 37. dxc6 Qxa2 38. Qe3 Qc2 39. Be4 Qc4 40. Bg2 e6 41. Qf4 Qxf4 42. gxf4 Nd6 43. c7 g5 44. fxg5 hxg5 45. Bb7 Kg6 46. c8Q Nxc8 47. Bxc8 e5 48. Kg3 f5 49. Kf3 Kf6 50. Ke3 Kg6 51. Kd3 Kf6 52. Kc4 Kg6 53. Kd5 Kf6 54. Bd7 e4 55. Kd4 Kg6 56. Ke5 f4 57. Kxe4 Kh5 58. Kf5 Kh4 59. Kg6 f3 60. Kh6 1-0

[Event "BL 1112 (Women)"]
[Site "Germany"]
[Date "2012.01.21"]
[Round "6.5"]
[White "Straub, Natalia"]
[Black "Wagner Michel, Annett"]
[Result "0-1"]
[WhiteElo "2205"]
[BlackElo "2169"]
[PlyCount "98"]
[EventDate "2011.10.29"]
[EventType "team-tourn"]
[EventRounds "11"]
[EventCountry "GER"]
[SourceTitle "EXT 2013"]
[Source "ChessBase"]
[SourceDate "2012.11.22"]
[SourceVersion "1"]
[SourceVersionDate "2012.11.22"]
[SourceQuality "1"]
[WhiteTeam "Halle Volksbank (W)"]
[BlackTeam "Pankow Rotation (W)"]
[WhiteTeamCountry "GER"]
[BlackTeamCountry "GER"]

1. d4 d5 2. c4 e6 3. cxd5 exd5 4. Nc3 Bf5 5. Nf3 Nf6 6. Qb3 b6 7. Bg5 c6 8. e3 Be7 9. Be2 0-0 10. 0-0 Nbd7 11. Ba6 Qb8 12. Rfc1 b5 13. a4 b4 14. Ne2 Qb6 15. Bd3 Bxd3 16. Qxd3 c5 17. a5 Qd8 18. dxc5 Nxc5 19. Qd1 Rc8 20. Ned4 Re8 21. Ne5 Qd6 22. Bf4 Qa6 23. Nf5 Bf8 24. h3 Nce4 25. Nd3 Rxc1 26. Nxc1 Nc5 27. Nd4 Nfe4 28. Ndb3 Qc4 29. Nxc5 Nxc5 30. Qd4 Qxd4 31. exd4 Re1+ 32. Kh2 Nd3 33. Bd2 Rf1 34. Be3 Nxf2 35. Nb3 Bd6+ 36. g3 Rxa1 37. Nxa1 Ne4 38. Bf4 Kf8 39. Bxd6+ Nxd6 40. Nc2 b3 41. Na1 Nc4 42. Nxb3 Nxb2 43. g4 Ke7 44. Nc5 Nc4 45. a6 Nd6 46. Kg3 Nb5 47. Nb3 Kd6 48. h4 Nc7 49. Nc5 Ne6 0-1

[Event "BL 1011 (Women)"]
[Site "Germany"]
[Date "2011.01.09"]
[Round "5.5"]
[White "Gasik, Anna"]
[Black "Straub, Natalia"]
[Result "1/2-1/2"]
[WhiteElo "2203"]
[BlackElo "2224"]
[PlyCount "28"]
[EventDate "2010.11.06"]
[EventType "team-tourn"]
[EventRounds "11"]
[EventCountry "GER"]
[SourceTitle "EXT 2012"]
[Source "ChessBase"]
[SourceDate "2011.11.24"]
[SourceVersion "1"]
[SourceVersionDate "2011.11.24"]
[SourceQuality "1"]
[WhiteTeam "Hamburger SK (W)"]
[BlackTeam "Halle Volksbank (W)"]
[WhiteTeamCountry "GER"]
[BlackTeamCountry "GER"]

1. e4 e6 2. d4 d5 3. Nd2 c5 4. Ngf3 a6 5. dxc5 Bxc5 6. Bd3 Nc6 7. c3 Nf6 8. Qe2 0-0 9. 0-0 h6 10. Bc2 Qc7 11. e5 Nd7 12. Nb3 Ba7 13. Bf4 f5 14. Nfd4 Nc5 1/2-1/2